000 00844nam a2200181Ia 4500
008 090124s9999 xx 000 0 und d
082 _b868
_a434
100 _aधामणकर बा. वि. (बाळकृष्ण विठ्ठल)
245 _a संगीत भुवन संुदरी अथवा सतिविजय नाटक
250 _a1
260 _c1913
300 _a65
600 _aधामणकर बा. वि. (बाळकृष्ण विठ्ठल)
630 _a संगीत भुवन संुदरी अथवा सतिविजय नाटक
700 _aधामणकर बा. वि. (बाळकृष्ण विठ्ठल)
730 _a संगीत भुवन संुदरी अथवा सतिविजय नाटक
942 _cBOOK
999 _c114828
_d114828